Bonne année ! - Statistiques

Statistiques générales
  • Ce quiz a été pris 175 fois
  • Le résultat moyen est 7 sur 20
Statistiques - réponses
Hint Réponse % Correct
Plante sous laquelle on s'embrasse le 1er janvier Gui
76%
Personnage qui a imposé le 1er janvier comme début de l'année à Rome Jules César
75%
Nom du calendrier qui a généralisé cette mesure à l'ensemble du monde chrétien en 1582 (du nom du pape de l'époque) Grégorien
59%
Premiers pays à célébrer le Nouvel An (citez en un) Kiribati | Samoa | Fidji | Tonga | Nouvelle Zélande | Iles Marshall
58%
Dieu romain qui a donné son nom au mois de janvier Janus
48%
Signification astronomique d'une année {Révolution} de la Terre autour du Soleil
44%
Nom des cadeaux de nouvelle année Etrennes
42%
Ville d'Italie où il est de tradition le 31 décembre de jeter de vieux objets par la fenêtre Naples
42%
Qu'avale-t-on en Espagne à chaque coup de minuit pour assurer une année prospère ? Un grain de raisin
35%
Groupe interprète de la chanson Happy New Year (ils auraient pu chanter "Gott nytt år") Abba
33%
Marque de pneu (du nom de l'inventeur du caoutchouc vulcanisé) Goodyear
32%
Ville où se déroule traditionnellement le Concert du Nouvel An Vienne
32%
Territoire français qui célèbrera le dernier la nouvelle année Polynésie française
31%
Auparavant, l'année commençait le... 1er mars
28%
Territoire français qui célébrera le premier la nouvelle année Wallis et Futuna
26%
Nom de la fête du nouvel an vietnamien, qui est aussi celui d'une offensive célèbre de la Guerre du Vietnam Têt
24%
Philosophe français, fondateur du positivisme, qui a imaginé un calendrier fixe (jours identiques d'une année sur l'autre) de 13 mois de 28 jours. Auguste Comte
11%
Date du début de l'année dans le calendrier républicain 1er vendémiaire
5%
Film de Cédric Klapish se déroulant pendant la nuit du Nouvel An Peut-être
4%
Ville de l'Isère où a été signé en 1564 le traité instaurant le début de l'année le 1er janvier Roussillon
3%
Aucun quiz correspondant
Distribution des résultats
% des personnes avec chaque résultat
Percentile par nombre de réponses
Votre historique - résultats
Vous n’avez pas pris ce quiz